| 000 | 00545cam a2200181 a 4500 | ||
|---|---|---|---|
| 020 | _a0028017374 | ||
| 040 | _cDLC | ||
| 082 | 0 | 0 | _a652 GLE 1993 A045 Or. |
| 245 | 0 | 0 | _aGregg college keyboarding & document processing for microcomputers, complete course / |
| 250 | _a7th ed. | ||
| 260 |
_aNew York, N.Y. : _bGlencoe, _c[1993] |
||
| 300 |
_a1 v. (various pagings) : _bcol. ill. ; _c22 x 28 cm. |
||
| 500 | _a"Formerly Gregg college typing." | ||
| 500 | _aIncludes index. | ||
| 650 | 0 | _aWord processing. | |
| 700 | 1 | _aOber, Scot, | |
| 942 | _cEK | ||
| 999 |
_c13308 _d13308 |
||